[Event "FRM-chT 29th"]
[Site "Struga"]
[Date "2021.08.21"]
[Round "7"]
[White "Trajanovski, Ratko"]
[Black "Saraci, Nderim"]
[Result "0-1"]
[WhiteElo "2164"]
[BlackElo "2455"]
[PlyCount "84"]
[EventDate "2021.08.15"]
[EventType "team-tourn"]
[EventRounds "7"]
[EventCountry "MKD"]
[SourceTitle "CBM 203 Extra"]
[Source "ChessBase"]
[SourceDate "2021.09.30"]
[SourceVersion "1"]
[SourceVersionDate "2021.09.30"]
[SourceQuality "1"]
[WhiteTeam "Shipkovica Anpasan"]
[BlackTeam "Gostivar"]
[WhiteTeamCountry "MKD"]
[BlackTeamCountry "MKD"]

1. d4 Nf6 2. Nf3 d5 3. e3 Bf5 4. Bd3 Bxd3 5. Qxd3 c6 6. Nbd2 e6 7. b3 Be7 8. Bb2 0-0 9. 0-0 Nbd7 10. a3 Rc8 11. Ne5 c5 12. Rfc1 cxd4 13. exd4 Nxe5 14. dxe5 Nd7 15. Nf3 h6 16. Bd4 Bc5 17. c4 Bxd4 18. Qxd4 dxc4 19. Rxc4 Nb6 20. Rxc8 Qxc8 21. Rd1 Qc2 22. Qd3 Qxd3 23. Rxd3 Rc8 24. g3 Kf8 25. Nd4 a6 26. f4 Ke7 27. Kf2 Rc1 28. Kf3 Nd7 29. a4 h5 30. h3 Nc5 31. Re3 Rd1 32. Ne2 f5 33. exf6+ gxf6 34. g4 hxg4+ 35. hxg4 Rb1 36. Nd4 Kd6 37. g5 fxg5 38. fxg5 e5 39. Nf5+ Ke6 40. Ng7+ Kf7 41. Rxe5 Rxb3+ 42. Kg4 Nd3 0-1